MARC details
| 000 -LEADER |
| fixed length control field |
01999cam a2200493Mi 4500 |
| 001 - CONTROL NUMBER |
| control field |
on1007230057 |
| 003 - CONTROL NUMBER IDENTIFIER |
| control field |
TZ-ArACH |
| 005 - DATE AND TIME OF LATEST TRANSACTION |
| control field |
20210316130457.0 |
| 008 - FIXED-LENGTH DATA ELEMENTS--GENERAL INFORMATION |
| fixed length control field |
171019t20172017fr b 000 0 fre d |
| 020 ## - INTERNATIONAL STANDARD BOOK NUMBER |
| International Standard Book Number |
9782343100241 |
| Qualifying information |
(pbk.) |
| 020 ## - INTERNATIONAL STANDARD BOOK NUMBER |
| International Standard Book Number |
2343100241 |
| 035 ## - SYSTEM CONTROL NUMBER |
| System control number |
(OCoLC)1007230057 |
| 040 ## - CATALOGING SOURCE |
| Original cataloging agency |
AUXAM |
| Language of cataloging |
eng |
| Description conventions |
rda |
| Transcribing agency |
TZ-ArACH |
| 043 ## - GEOGRAPHIC AREA CODE |
| Geographic area code |
f------ |
| 049 ## - LOCAL HOLDINGS (OCLC) |
| Holding library |
TZAA |
| 050 #4 - LIBRARY OF CONGRESS CALL NUMBER |
| Classification number |
KQE 10 |
| Item number |
.Z24 2017 |
| 082 #4 - DEWEY DECIMAL CLASSIFICATION NUMBER |
| Classification number |
340 |
| 100 1# - MAIN ENTRY--PERSONAL NAME |
| Personal name |
Diakité, Kémoko. |
| Relator term |
author. |
| 245 10 - TITLE STATEMENT |
| Title |
Droit de l'intégration africaine : |
| Remainder of title |
organisations communautaires en Afrique de l'Ouest, rapports entre les organisations sous-régionales, l'Union africaine et l'Organisation des Nations unies, défis prioritaires de l'intégration en Afrique / |
| Statement of responsibility, etc |
Kémoko Diakité ; préface du Pr Abdoulaye Sakho. |
| 260 ## - PUBLICATION, DISTRIBUTION, ETC. (IMPRINT) |
| Place of publication, distribution, etc |
Paris : |
| Name of publisher, distributor, etc |
Éditions L'Harmattan, |
| Date of publication, distribution, etc |
2017. |
| 300 ## - PHYSICAL DESCRIPTION |
| Extent |
187 pages ; |
| Dimensions |
22 cm |
| 504 ## - BIBLIOGRAPHY, ETC. NOTE |
| Bibliography, etc |
Includes bibliographical references. |
| 505 00 - FORMATTED CONTENTS NOTE |
| Miscellaneous information |
Introduction -- |
| Title |
Les normes des organisations d'intégration en Afrique de l'Ouest -- |
| -- |
Rapports entre les organisations africaines, l'UA et l'ONU -- |
| -- |
Acquis et faiblesses -- |
| -- |
Défis prioritaires de l'intégration africaine -- |
| Miscellaneous information |
Conclusion. |
| 610 20 - SUBJECT ADDED ENTRY--CORPORATE NAME |
| Corporate name or jurisdiction name as entry element |
African Union. |
| 610 27 - SUBJECT ADDED ENTRY--CORPORATE NAME |
| Corporate name or jurisdiction name as entry element |
African Union. |
| Source of heading or term |
fast |
| 648 #7 - SUBJECT ADDED ENTRY--CHRONOLOGICAL TERM |
| Chronological term |
Since 1960 |
| Source of heading or term |
fast |
| 650 #7 - SUBJECT ADDED ENTRY--TOPICAL TERM |
| Topical term or geographic name as entry element |
Africa. |
| Source of heading or term |
ascl |
| 650 #7 - SUBJECT ADDED ENTRY--TOPICAL TERM |
| Topical term or geographic name as entry element |
West Africa. |
| Source of heading or term |
ascl |
| 650 #7 - SUBJECT ADDED ENTRY--TOPICAL TERM |
| Topical term or geographic name as entry element |
international organizations. |
| Source of heading or term |
ascl |
| 650 #7 - SUBJECT ADDED ENTRY--TOPICAL TERM |
| Topical term or geographic name as entry element |
International relations. |
| Source of heading or term |
ascl |
| 650 #7 - SUBJECT ADDED ENTRY--TOPICAL TERM |
| Topical term or geographic name as entry element |
Economic integration. |
| Source of heading or term |
ascl |
| 650 #7 - SUBJECT ADDED ENTRY--TOPICAL TERM |
| Topical term or geographic name as entry element |
African agreements. |
| Source of heading or term |
ascl |
| 650 #7 - SUBJECT ADDED ENTRY--TOPICAL TERM |
| Topical term or geographic name as entry element |
International law. |
| Source of heading or term |
ascl |
| 650 #7 - SUBJECT ADDED ENTRY--TOPICAL TERM |
| Topical term or geographic name as entry element |
Legislation. |
| Source of heading or term |
ascl |
| 9 (RLIN) |
14887 |
| 650 #7 - SUBJECT ADDED ENTRY--TOPICAL TERM |
| Topical term or geographic name as entry element |
International economic integration. |
| Source of heading or term |
fast |
| 650 #7 - SUBJECT ADDED ENTRY--TOPICAL TERM |
| Topical term or geographic name as entry element |
Politics and government. |
| Source of heading or term |
fast |
| 650 #7 - SUBJECT ADDED ENTRY--TOPICAL TERM |
| Topical term or geographic name as entry element |
West Africa. |
| Source of heading or term |
pplt |
| 650 #7 - SUBJECT ADDED ENTRY--TOPICAL TERM |
| Topical term or geographic name as entry element |
Economic integration. |
| Source of heading or term |
pplt |
| 650 #7 - SUBJECT ADDED ENTRY--TOPICAL TERM |
| Topical term or geographic name as entry element |
Regional organizations. |
| Source of heading or term |
pplt |
| 651 #0 - SUBJECT ADDED ENTRY--GEOGRAPHIC NAME |
| Geographic name |
Africa |
| General subdivision |
Economic integration. |
| 651 #0 - SUBJECT ADDED ENTRY--GEOGRAPHIC NAME |
| Geographic name |
Africa |
| General subdivision |
Politics and government |
| Chronological subdivision |
1960- |
| 651 #7 - SUBJECT ADDED ENTRY--GEOGRAPHIC NAME |
| Geographic name |
Africa. |
| Source of heading or term |
fast |
| 942 ## - ADDED ENTRY ELEMENTS (KOHA) |
| Source of classification or shelving scheme |
Library of Congress Classification |
| Koha item type |
Books |